01551nam a22001697a 4500020001500000082001500015100003200030245006600062250001200128260003900140300000900179505088400188942002401072999001901096952013901115952012701254 a8131711447 a150.72,STA aStanovich, Keith E. 953104 aHow to think straight about Psychology / cKeith E. Stanovich a7th ed. aDorling kinderseleybPearsonc2007 a226p aPsychology Is Alive and Well (and Doing Fine Among the Sciences) (Page-1), Falsifiability: How to Foil Little Green Men in the Head (Page-19), Operationism and Essentialism: "But, Doctor, What Does It Really Mean?" (Page-35), Testimonials and Case Study Evidence: Placebo Effects and the Amazing Randi (Page-51), Correlation and Causation: Birth Control by the Toaster Method (Page-69), Getting Things Under Control: The Case of Clever Hans (Page-81), "But It's Not Real Life!": The "Artificiality" Criticism and Psychology (Page-99), Avoiding the Einstein Syndrome: The Importance of Converging Evidence (Page-113), The Misguided Search for the "Magic Bullet": The Issue of Multiple Causation (Page-131), The Achilles' Heel of Human Cognition: Probabilistic Reasoning (Page-139), The Role of Chance in Psychology (Page-153), The Rodney Dangerfield of the Sciences (Page-175).  cBK2ddck150.72,STA c176839d176839 00102ddc4070aMCSbMCScGENd2016-12-12l2o150.72,STApMCS33665r2026-01-27s2026-01-23w2016-12-12yBKzAlmirah No.46, Shelf No.3 00102ddc4070aMCSbMCScGENd2023-02-24l0o150.72,STApMCS33664r2023-02-24w2023-02-24yBKzAlmirah No.73, Shelf No.1